000 01169cam a2200325 a 4500
001 1510255
003 ARRUPE
005 20150116122637.0
008 890223s1989 inua b 001 0 eng
010 _a 89040014
020 _a0268015783
020 _a0268015791 (pbk.)
040 _aDLC
_cDLC
_dDLC
050 0 0 _aQC174.12
_b.P43 1989
082 0 0 _a530.1/2
_219
245 0 0 _aPhilosophical consequences of quantum theory :
_breflections on Bell's theorem /
_cJames T. Cushing and Ernan McMullin, editors.
260 _aNotre Dame, Ind. :
_bUniversity of Notre Dame Press,
_cc1989.
300 _axiii, 314 p. :
_bill. ;
_c24 cm.
440 0 _aStudies in science and the humanities from the Reilly Center for Science, Technology, and Values ;
_vv. 2
_914118
500 _aIncludes index.
504 _aBibliography: p. 303-311.
650 0 _aQuantum theory.
_914119
650 0 _aPhysics
_xPhilosophy.
_914120
650 0 _aPhilosophy.
_914121
700 1 _aCushing, James T.,
_d1937-
_914122
700 1 _aMcMullin, Ernan,
_d1924-2011.
_914123
740 0 _aBell's theorem.
906 _a7
_bcbc
_corignew
_d1
_eocip
_f19
_gy-gencatlg
942 _2lcc
_cMONOGRAPH
999 _c121729
_d121729